000 00465nam a22001697a 4500
005 20251108165327.0
008 250721s1992 xx 000 0 ara d
082 1 4 _a636/كام
100 1 _aعبد العليم، كامل
245 1 0 _aتحسين الماشية /
250 _aط2
264 1 _aالإسكندرية :
_bدار المطبوعات الجديدة،
_c1992.
300 _a113ص
650 1 7 _aالمواشي
942 _2ddc
_cBK
999 _c25183
_d25183